[Event "5th Amplico AIG Life"]
[Site "Warsaw POL"]
[Date "2005.12.17"]
[Round "8"]
[White "Gashimov,V"]
[Black "Gasanov,E"]
[Result "0-1"]
[WhiteElo "2608"]
[BlackElo "2427"]

1.e4 c5 2.Nc3 Nc6 3.Bb5 Nd4 4.Bc4 Nf6 5.Nf3 d6 6.h3 g6 7.d3 Bg7 8.Nxd4 cxd4
9.Ne2 d5 10.Bb5+ Kf8 11.O-O dxe4 12.dxe4 Nxe4 13.c3 a6 14.Bd3 Nc5 15.Nxd4 Nxd3
16.Qxd3 e5 17.Qf3 exd4 18.Re1 h5 19.cxd4 Bh6 20.Bxh6+ Rxh6 21.Re5 Kg7 22.Rae1 Qf6
23.Qb3 Rh8 24.Re7 Rd8 25.Rc7 Rd7 26.Rxd7 Bxd7 27.Qxb7 Re8 28.Re5 Rxe5 29.dxe5 Qc6
30.Qb4 Be6 31.a3 Qc1+ 32.Kh2 g5 33.Qb8 a5 34.b4 axb4 35.axb4 Qb2 36.Kg1 Bc4
37.Qd6 Qc1+ 38.Kh2 Qf4+ 39.Kg1 g4 40.Qc5 Qe4 41.Qe7 Be6 42.Qf6+ Kh7 43.Qh4 Kg6
44.Qf6+ Kh7 45.Qh4 Kg8 46.Qd8+ Kh7 47.Qh4 Kg6 48.Qf6+ Kh7 49.Qh4 Kg7 50.Qf6+ Kg8
51.Qd8+ Kh7 52.Qh4 Kg7 53.Qf6+ Kf8 54.Qd8+ Kg7 55.Qf6+ Kh7 56.b5 Qb1+ 57.Kh2 Qf5
58.Qh4 Kg6 59.b6 Qxe5+ 60.Kg1 Qe1+ 61.Kh2 Qb4 62.Qd8 Qf4+ 63.Kg1 Qe4 64.Qg8+ Kf6
65.Qd8+ Kf5 66.Qh4 Qb1+ 67.Kh2 Qxb6 68.Qxh5+ Ke4 69.Qh7+ Kd5 70.Qd3+ Qd4
71.Qb5+ Kd6 72.Qb8+ Ke7 73.Qc7+ Qd7 74.Qc2 Qd6+ 75.Kg1 Kf6 76.Qb2+ Qe5 77.Qc1 Kg6
78.Qb1+ Bf5 79.Qc1 Qd4 80.Qa3 Be6 81.Qg3 f6 82.Qa3 Qe4 83.f3 Qe1+  0-1

[Event "5th Amplico AIG Life Places 9-12"]
[Site "Warsaw POL"]
[Date "2005.12.18"]
[Round "2"]
[White "Macieja,B"]
[Black "Wojtaszek,R"]
[Result "1-0"]
[WhiteElo "2592"]
[BlackElo "2606"]

1.e4 c5 2.Nc3 Nc6 3.Nf3 d6 4.d4 cxd4 5.Nxd4 Nf6 6.Bc4 e5 7.Nf5 Be6 8.Bb3 g6
9.Ne3 Bh6 10.Ned5 Bxc1 11.Qxc1 O-O 12.Qg5 Nd7 13.Qh6 Nd4 14.h4 f6 15.f4 Nc5
16.O-O-O Ncxb3+ 17.axb3 Bxd5 18.Nxd5 Qd7 19.h5 Qg7 20.hxg6 hxg6 21.Qh4 Rae8
22.Kb1 Ne6 23.fxe5 dxe5 24.Rdf1 f5 25.exf5 gxf5 26.Qh5 Rd8 27.Ne3 Nf4 28.Rxf4 exf4
29.Nxf5 Rxf5 30.Qxf5 Qxg2 31.Qe6+ Kg7 32.Qe7+ Kg6 33.Qh7+ Kf6 34.Rh6+ Ke5
35.Qe7+ Kf5 36.Qe6+  1-0

[Event "5th Amplico AIG Life"]
[Site "Warsaw POL"]
[Date "2005.12.18"]
[Round "10"]
[White "Gashimov,V"]
[Black "Dumanski,A"]
[Result "1-0"]
[WhiteElo "2608"]
[BlackElo "2229"]

1.e4 c5 2.Nc3 Nc6 3.Bb5 g6 4.Bxc6 bxc6 5.d3 Bg7 6.f4 d5 7.h3 e6 8.Nf3 Ne7
9.O-O O-O 10.e5 c4 11.d4 Qa5 12.Bd2 Qa6 13.b3 c5 14.dxc5 Nf5 15.Ne2 f6 16.g4 Ne7
17.Bc3 d4 18.Bxd4 Nd5 19.exf6 Bxf6 20.Bxf6 Rxf6 21.Qd4 cxb3 22.c4 b2 23.Rab1 Rf8
24.cxd5 Qxe2 25.Rxb2 Qa6 26.c6 Rd8 27.Qf6 Rf8 28.Qe5 Qc4 29.Nd4 Qxd5 30.Qxd5 exd5
31.c7 Ba6 32.Rc1 Bc4 33.Nc6 Kg7 34.Rb8 Ba6 35.Rcb1  1-0

[Event "5th Amplico AIG Life"]
[Site "Warsaw POL"]
[Date "2005.12.18"]
[Round "11"]
[White "Zezulkin,J"]
[Black "Czarnota,P"]
[Result "1/2-1/2"]
[WhiteElo "2494"]
[BlackElo "2479"]

1.e4 c5 2.Nc3 Nc6 3.Bb5 Nd4 4.Bc4 e6 5.Nf3 a6 6.Nxd4 cxd4 7.Ne2 Nf6 8.Bd3 d5
9.e5 Ng4 10.f4 h5 11.h3 Nh6 12.O-O Bd7 13.a4 g5 14.b3 gxf4 15.Bb2 Bg7 16.Bxd4 Qg5
17.Nxf4 Bxe5 18.Bxe5 Qxe5 19.Qe1 Qd4+ 20.Qf2 Qxf2+ 21.Rxf2 h4 22.Re1 Bc6
23.c3 Ng8 24.Bc2 Ne7 25.d4 Rc8 26.Re3 b5 27.a5 Bd7 28.b4 Rh6 29.Kf1 Kf8 30.Ke1 Re8
31.Kd2 Nc8 32.Ng6+ Kg7 33.Ne5 Re7 34.Ng4 Rh5 35.Nf6 Rh6 36.Ng4 Rh5 37.Re5 f5
38.Nh2 Nd6 39.Bd3 Kg8 40.Nf3 Rg7 41.Ree2 Nf7 42.Ke1 Kf8 43.Nd2 Ke7 44.Bxf5 Rg3
45.Bg4 Rh7 46.Nf3 Kd6 47.Kd2 Nh6 48.Ne5 Be8 49.Rf6 Bf7 50.Ref2 Ke7 51.R6f3 Be8  1/2-1/2

[Event "5th Amplico AIG Life"]
[Site "Warsaw POL"]
[Date "2005.12.18"]
[Round "12"]
[White "Heberla,B"]
[Black "Georgiev,Ki"]
[Result "1-0"]
[WhiteElo "2465"]
[BlackElo "2648"]

1.e4 c5 2.Nc3 Nc6 3.Bb5 Nd4 4.Bc4 e6 5.Nge2 Nf6 6.O-O a6 7.a4 Qc7 8.d3 Be7
9.f4 d6 10.Nxd4 cxd4 11.Ne2 Nxe4 12.Bxe6 Bxe6 13.dxe4 Bg4 14.Qd3 Bxe2 15.Qxe2 O-O
16.Qd3 Rac8 17.Rf2 Bf6 18.b3 Qc3 19.Rb1 Qxd3 20.cxd3 Rc3 21.Bd2 Rc6 22.Rc1 Rfc8
23.Rc4 Bd8 24.Bb4 f5 25.exf5 d5 26.Rxc6 Rxc6 27.Re2 Kf7 28.Re5 Bc7 29.Rxd5 Bxf4
30.Kf2 Kf6 31.Bc5 Be3+ 32.Kf3 b6 33.Bxd4+ Bxd4 34.Rxd4 Kxf5 35.b4 Rc3 36.Ke3 Rc2
37.Kf3 Rb2 38.b5 axb5 39.Rd5+ Ke6 40.Rxb5 Rxb5 41.axb5 Kd5 42.Ke3 Kc5 43.Ke4 Kxb5
44.Kd5 Ka4 45.d4 b5 46.Ke5 b4 47.d5 b3 48.d6 b2 49.d7 b1=Q 50.d8=Q Qe1+ 51.Kf5 Qf2+
52.Ke6 Qxg2 53.Qh4+ Kb5 54.Qxh7 g5 55.Qd3+  1-0

[Event "5th Amplico AIG Life"]
[Site "Warsaw POL"]
[Date "2005.12.18"]
[Round "12"]
[White "Cajbel,M"]
[Black "Dworakowska,J"]
[Result "0-1"]
[WhiteElo "2178"]
[BlackElo "2377"]

1.e4 c5 2.Nc3 Nc6 3.Bb5 Nd4 4.Bc4 e6 5.Nge2 Ne7 6.Nxd4 cxd4 7.Ne2 Nc6 8.d3 g6
9.O-O Bg7 10.Qe1 O-O 11.Bd2 a6 12.a4 b6 13.f4 d5 14.Bb3 dxe4 15.dxe4 d3 16.cxd3 Qxd3
17.Nc1 Qd8 18.Bc3 Bxc3 19.bxc3 Ne7 20.Ne2 Qd3 21.Ng3 Qd6 22.Rd1 Qc5+ 23.Kh1 Bb7
24.f5 exf5 25.exf5 Rae8 26.Qd2 Rd8 27.Qxd8 Rxd8 28.Rxd8+ Kg7 29.f6+ Kh6 30.fxe7 Qxe7
31.Rdd1 f5 32.Rxf5 Qa3 33.Bd5 gxf5 34.Bxb7 Qxa4 35.Bf3 Qa5 36.c4 Qc5 37.Bd5 f4
38.Nf5+ Kg5 39.Nd4 Kf6 40.Ne6 Qf2 41.Nc7 a5 42.h3 a4 43.Ra1 Qb2 44.Rxa4 f3
45.Bxf3 Qc1+ 46.Kh2 Qf4+ 47.Kh1 Qxc7 48.Rb4 Qc5 49.Rb5 Qf2 50.Bg4 Ke7 51.Bf3 Qf1+
52.Kh2 Qxc4 53.Rh5 h6 54.Kh1 b5 55.Re5+ Kf6 56.Re4 Qd3 57.Rh4 Kg5 58.Rg4+ Kf6
59.Rh4 Qd2 60.Re4 b4 61.Re2 Qc1+ 62.Kh2 b3 63.Be4 Qf1 64.Bf3 Qa1 65.Be4 Qe5+
66.Kg1 b2 67.Rf2+ Ke6 68.Bb1 Qe3 69.Ba2+ Ke5 70.Kf1 Qc1+ 71.Ke2 Qa1  0-1

[Event "5th Amplico AIG Life"]
[Site "Warsaw POL"]
[Date "2005.12.18"]
[Round "13"]
[White "Gdanski,J"]
[Black "Bator,R"]
[Result "1-0"]
[WhiteElo "2540"]
[BlackElo "2409"]

1.e4 c5 2.Nc3 Nc6 3.Bb5 Nd4 4.Bc4 e6 5.Qf3 a6 6.a4 Ne7 7.Nge2 Nec6 8.O-O Nxe2+
9.Qxe2 Nd4 10.d3 Nc6 11.Qf3 Nd4 12.Qd1 Be7 13.f4 Rb8 14.Ba2 b5 15.axb5 axb5
16.Ne2 Nc6 17.f5 Ra8 18.Be3 Nb4 19.Bb3 c4 20.dxc4 bxc4 21.Bxc4 Nxc2 22.Qc1 Nxe3
23.Qxe3 Rxa1 24.Rxa1 O-O 25.Rf1 Bg5 26.Kh1 Bh6 27.Qg3 g6 28.f6 Bd2 29.Qh4 Re8
30.e5 Bb7 31.Nc3 Be3 32.Rd1 Bc1 33.Rd3 Qa8 34.Ne2 Rc8 35.Ba2 Rb8 36.Bc4 Re8
37.Nxc1 Bxg2+ 38.Kg1 h5 39.Qg5 Bh1 40.Bd5 Bxd5 41.Qh6 Qa7+  1-0

[Event "Sekkat mem"]
[Site "Casablanca MAR"]
[Date "2005.12.19"]
[Round "2"]
[White "Landa,K"]
[Black "Tirard,H"]
[Result "1-0"]
[WhiteElo "2600"]
[BlackElo "2435"]

1.e4 c5 2.Nc3 Nc6 3.Nf3 Nf6 4.d4 cxd4 5.Nxd4 e5 6.Ndb5 d6 7.Bg5 a6 8.Na3 b5
9.Nd5 Be7 10.Bxf6 Bxf6 11.c3 Ne7 12.Nxf6+ gxf6 13.Bd3 Bb7 14.Nc2 d5 15.Qe2 f5
16.exf5 e4 17.f6 Ng6 18.Qe3 Qxf6 19.Be2 Nf4 20.O-O O-O-O 21.a4 b4 22.Rfc1 Rdg8
23.Bf1 b3 24.Nd4 Rxg2+ 25.Bxg2 Rg8 26.Kh1 Rxg2 27.Ne2 Rg4 28.Rg1 Nd3 29.Rxg4 Nxf2+
30.Kg1 Nxg4 31.Qc5+ Kb8 32.Rf1 Qh6 33.Rxf7 Qxh2+ 34.Kf1 Qh3+ 35.Ke1 Qh4+
36.Kd1 Qh1+ 37.Ng1 Ne3+ 38.Kd2 Qh2+ 39.Kxe3 Qxg1+ 40.Rf2 Qe1+ 41.Kf4  1-0

[Event "Open"]
[Site "Erandio ESP"]
[Date "2005.12.19"]
[Round "5"]
[White "Martinez Pelaez,D"]
[Black "Uria Ramirez,A"]
[Result "1/2-1/2"]
[WhiteElo "2001"]
[BlackElo "2159"]

1.e4 c5 2.Nf3 Nc6 3.Nc3 Nf6 4.d4 cxd4 5.Nxd4 e5 6.Ndb5 d6 7.Nd5 Nxd5 8.exd5 Nb8
9.c4 g6 10.Be3 Bg7 11.Qa4 O-O 12.Qb4 Bd7 13.Nxd6 Qe7 14.c5 b6 15.c6 Bxc6
16.dxc6 Nxc6 17.Qa3 Rfd8 18.Nb5 Nb4 19.Rc1 Bf8 20.Qb3 a5 21.a3 Nd5 22.Bc4 a4
23.Qc2 Nxe3 24.fxe3 Qg5 25.Qf2 Bc5 26.h4 Qxe3+ 27.Qxe3 Bxe3 28.Rd1 Kg7 29.Ke2 Bc5
30.Rhf1 f5 31.Nc7 Rxd1 32.Rxd1 Rc8 33.Rd7+ Kh6 34.Ba6 Rf8 35.Ne6 Rf6 36.Ng5 Kh5
37.Rxh7+ Kg4 38.Bb5 Bd4 39.Bxa4 Bxb2 40.Bd1 Rd6 41.Nf3 e4 42.Nd2 Rd3 43.Nc4 Bd4
44.Rh6 b5 45.Nd2 Be3 46.Rxg6+ Kxh4 47.Nf1 Bg5 48.Rg8 Kh5 49.Ke1+ Kh6 50.Rb8 Rxa3
51.Rxb5 Bh4+ 52.g3 Bxg3+ 53.Nxg3 Rxg3 54.Rxf5 e3 55.Ke2 Rg5 56.Rf3 Re5 57.Bc2 Kg5
58.Rf8 Re6 59.Bd3 Rf6 60.Re8 Kf4 61.Re4+ Kf5 62.Kxe3 Rf8 63.Re5+  1/2-1/2

[Event "Masters"]
[Site "Berkeley USA"]
[Date "2005.12.22"]
[Round "8"]
[White "Friedel,J"]
[Black "Mezentsev,V"]
[Result "1-0"]
[WhiteElo "2453"]
[BlackElo "2409"]

1.e4 c5 2.Nf3 Nc6 3.Nc3 g6 4.d4 cxd4 5.Nxd4 Bg7 6.Be3 Nf6 7.Bc4 O-O 8.Bb3 d6
9.f3 Bd7 10.h4 Na5 11.Qd2 Rc8 12.h5 Nc4 13.Bxc4 Rxc4 14.hxg6 fxg6 15.O-O-O Rf7
16.Nde2 b5 17.Bh6 b4 18.Nd5 Nxd5 19.Bxg7 Qa5 20.Rxh7 Nf4 21.Nxf4 Kxh7 22.Rh1+ Kxg7
23.Nd5 Kg8 24.Qg5 Bf5 25.exf5 Rg7 26.Nxe7+  1-0

[Event "4th TCh-Asia w"]
[Site "Esfahan IRI"]
[Date "2005.12.24"]
[Round "4"]
[White "Hoang Thi Bao Tram"]
[Black "Swathi,G"]
[Result "1-0"]
[WhiteElo "2306"]
[BlackElo "2248"]

1.e4 c5 2.Nc3 Nc6 3.Nf3 e6 4.g3 g6 5.d4 Bg7 6.Be3 cxd4 7.Nxd4 a6 8.Bg2 Nge7
9.O-O d6 10.Nb3 b5 11.f4 Qc7 12.Qd2 Bb7 13.Rad1 Rd8 14.Qf2 Rd7 15.Bb6 Qc8
16.Rd2 Qa8 17.Rfd1 Nc8 18.Be3 Re7 19.e5 d5 20.Bc5 Rc7 21.g4 N6e7 22.Ne4 Rd7
23.Nf6+ Bxf6 24.exf6 Nc6 25.Re1 Kd8 26.f5 gxf5 27.gxf5 e5 28.Qg3 e4 29.Red1 N8e7
30.fxe7+ Nxe7 31.Bxe7+ Rxe7 32.Qd6+ Ke8 33.Nc5 Qa7 34.Kh1 Ba8 35.f6 Rc7 36.Rxd5 Bxd5
37.Rxd5  1-0

[Event "Open A"]
[Site "Bethune FRA"]
[Date "2005.12.26"]
[Round "1"]
[White "Hanley,C"]
[Black "Jongsma,W"]
[Result "1-0"]
[WhiteElo "2388"]
[BlackElo "2135"]

1.e4 c5 2.Nf3 Nc6 3.Nc3 g6 4.g3 Bg7 5.Bg2 e5 6.O-O Nge7 7.d3 d6 8.Nd5 h6
9.Nd2 O-O 10.c3 Be6 11.a4 f5 12.f4 Qd7 13.Nc4 Rae8 14.a5 Kh7 15.Be3 Bf7 16.Qa4 Rd8
17.Rae1 exf4 18.Bxf4 Ne5 19.Qxd7 Rxd7 20.Bxe5 dxe5 21.Nxe7 Bxc4 22.Nxg6 Kxg6
23.exf5+ Kf6 24.dxc4 Rd2 25.Rf2 Rfd8 26.Bxb7 Rxf2 27.Kxf2 Rd2+ 28.Re2 Rxe2+
29.Kxe2 Kxf5 30.Ke3 Bf8 31.Bc8+ Kg6 32.Ke4 Bd6 33.Kd5 Bc7 34.b4  1-0

[Event "Czech Chess Christmas"]
[Site "Litomysl CZE"]
[Date "2005.12.26"]
[Round "1"]
[White "Zawadzki,S"]
[Black "Kozjukova,O"]
[Result "1/2-1/2"]
[WhiteElo "2404"]
[BlackElo "2026"]

1.e4 c5 2.Nc3 Nc6 3.Bb5 d6 4.Bxc6+ bxc6 5.f4 Nf6 6.Nf3 g6 7.O-O Bg7 8.d3 Rb8
9.Qe1 Nd7 10.Kh1 e5 11.Rb1 O-O 12.Bd2 Qe7 13.Qg3 Ba6 14.b3 Rbe8 15.Rbe1 exf4
16.Qxf4 Ne5 17.Qg3 Bc8 18.h3 Nxf3 19.Rxf3 Be5 20.Qf2 Bd4 21.Qf1 Qh4 22.Rf4 Qh5
23.Qe2 Qe5 24.Nd1 Qe7 25.Qf1 Be5 26.Rf3 f5 27.exf5 Bxf5 28.Bh6 Rf7 29.Bf4 Qf6
30.Bxe5 Rxe5 31.Rxe5 Qxe5 32.Ne3 Be6 33.Rxf7 Bxf7 34.Ng4 Qg5 35.Qe1 h5 36.Qe3 Qxe3
37.Nxe3 Kg7 38.Kg1 Kf6 39.Kf2 Ke5 40.c3 d5 41.Nc2 d4 42.cxd4+ cxd4 43.h4 Be6
44.g3 Bg4 45.Ke1 Bf3 46.Kf2  1/2-1/2

[Event "Master Open"]
[Site "Zurich SUI"]
[Date "2005.12.27"]
[Round "3"]
[White "Tischbierek,R"]
[Black "Csajka,F"]
[Result "1-0"]
[WhiteElo "2466"]
[BlackElo "2256"]

1.e4 c5 2.Nc3 Nc6 3.Nf3 d6 4.d4 cxd4 5.Nxd4 Nf6 6.Be3 e6 7.Be2 Be7 8.O-O O-O
9.f4 a6 10.Qe1 Qc7 11.Qg3 Re8 12.Kh1 Bd7 13.e5 Nd5 14.Nf5 g6 15.Nh6+ Kg7
16.Nxd5 exd5 17.f5 Nxe5 18.Nxf7 Nxf7 19.fxg6 hxg6 20.Bd3 Ne5 21.Bxg6 Nxg6
22.Bd4+ Kh6 23.Rf7 Bg5 24.Bg7+ Kh5 25.Bf6 Bh6 26.Rg7 Qxc2 27.Rxg6 Qf5 28.Rxh6+ Kxh6
29.Qg7+ Kh5 30.g4+  1-0

[Event "Czech Chess Christmas"]
[Site "Litomysl CZE"]
[Date "2005.12.29"]
[Round "5"]
[White "Cernousek,L"]
[Black "Bujnoch,R"]
[Result "1/2-1/2"]
[WhiteElo "2379"]
[BlackElo "2196"]

1.e4 c5 2.Nc3 Nc6 3.Bb5 Nd4 4.Bc4 e6 5.Nf3 Qc7 6.d3 a6 7.Nxd4 cxd4 8.Ne2 b5
9.Bb3 Bc5 10.O-O Ne7 11.Qe1 Bb7 12.c3 Nc6 13.Kh1 a5 14.a3 Qb6 15.Bd2 g6 16.f4 f5
17.exf5 gxf5 18.Qh4 Rg8 19.Qh5+ Rg6 20.Qxh7 Ne7 21.Qh8+ Kf7 22.Qh7+ Rg7 23.Qh5+ Rg6
24.Qh7+ Rg7 25.Qh5+ Rg6  1/2-1/2

[Event "Master Open"]
[Site "Zurich SUI"]
[Date "2005.12.29"]
[Round "5"]
[White "Tischbierek,R"]
[Black "Stankovic,Ze"]
[Result "1-0"]
[WhiteElo "2466"]
[BlackElo "2157"]

1.e4 c5 2.Nc3 Nc6 3.Nge2 e5 4.Nd5 Nge7 5.Nec3 d6 6.Bc4 Nxd5 7.Nxd5 Be7 8.d3 O-O
9.O-O Be6 10.f4 exf4 11.Bxf4 Rc8 12.a3 Bg5 13.Qh5 h6 14.h3 Bxf4 15.Rxf4 Ne7
16.Nf6+ Kh8 17.Bxe6 fxe6 18.Raf1 c4 19.Ng4 Rxf4 20.Rxf4 Qe8 21.Rf7 Ng8 22.Qg6  1-0

[Event "Czech Chess Christmas"]
[Site "Litomysl CZE"]
[Date "2005.12.30"]
[Round "6"]
[White "Toma,K"]
[Black "Reitinger,P"]
[Result "1-0"]
[WhiteElo "2238"]
[BlackElo "2095"]

1.e4 c5 2.Nf3 Nc6 3.Nc3 e5 4.Bc4 Be7 5.d3 Nf6 6.Ng5 O-O 7.f4 exf4 8.Bxf4 d6
9.O-O h6 10.Nf3 a6 11.a4 Be6 12.Nd5 Bxd5 13.exd5 Nb4 14.Bd2 Qd7 15.Bxb4 cxb4
16.Qd2 a5 17.Nd4 Ng4 18.Nf5 Bg5 19.Qe2 Ne5 20.Bb5 Qd8 21.d4 Ng6 22.Rae1 Nf4
23.Qe4 g6 24.Rxf4 gxf5 25.Qxf5 Qc8 26.Bd7 Qd8 27.Rg4 Kh8 28.Rf1 Qe7 29.Bb5 Qe3+
30.Kh1 Rg8 31.Bd3 Rg7 32.Re4 Qd2 33.Re2  1-0

[Event "Czech Chess Christmas"]
[Site "Litomysl CZE"]
[Date "2005.12.30"]
[Round "7"]
[White "Szoen,D"]
[Black "Toma,K"]
[Result "1-0"]
[WhiteElo "2450"]
[BlackElo "2238"]

1.e4 c5 2.Nc3 Nc6 3.Bb5 Nd4 4.Bc4 g6 5.Nf3 Bg7 6.Nxd4 cxd4 7.Qf3 Nh6 8.Ne2 O-O
9.Bb3 d6 10.d3 Ng4 11.h4 a5 12.a4 h5 13.Nf4 e6 14.Qe2 d5 15.exd5 e5 16.Nh3 Nf6
17.Bg5 Qd6 18.Bxf6 Bxf6 19.Ng5 Qd8 20.Ne4 Bxh4 21.g3 Bf6 22.O-O-O Bg7 23.f3 Bf5
24.Kb1 Bxe4 25.dxe4 Qe7 26.f4 Ra6 27.f5 Rd6 28.Rdf1 Qg5 29.Rf3 Bf6 30.Rhf1 Kg7
31.Qc4 Rfd8 32.fxg6 Qxg6 33.Rf5 b6 34.Qe2 Kf8 35.Rxh5 Qxg3 36.Rhf5 Qg6 37.Qh2 Bg7
38.Bc4 R8d7 39.Bb5 Rc7 40.Rg1 Qh6 41.Rh5 Qf4 42.Rh8+ Bxh8 43.Qxh8+ Ke7 44.Rg8 Rdd7
45.Re8+ Kd6 46.Qf8+ Re7 47.Rd8+ Kc5 48.Rc8 d3 49.Rxc7+ Kd4 50.Rc4+ Ke3 51.cxd3 Ra7
52.Qb8  1-0

[Event "Master Open"]
[Site "Zurich SUI"]
[Date "2005.12.30"]
[Round "7"]
[White "Tischbierek,R"]
[Black "Bhend,E"]
[Result "1-0"]
[WhiteElo "2466"]
[BlackElo "2261"]

1.e4 c5 2.Nf3 Nc6 3.Nc3 Nf6 4.Bb5 g6 5.e5 Ng4 6.Bxc6 dxc6 7.h3 Nh6 8.g4 f5
9.g5 Nf7 10.d3 Be6 11.Qe2 Bg7 12.h4 Qc7 13.Bf4 O-O-O 14.O-O-O Bd5 15.Nxd5 cxd5
16.d4 c4 17.h5 Rdg8 18.Bd2 e6 19.Bb4 Bf8 20.Qd2 Be7 21.Rdg1 Bd8 22.Kb1 b6
23.b3 Kb7 24.Rh3 a5 25.Bd6 Qc6 26.Rgh1 b5 27.Qc1 Ka6 28.Bc5 Qe8 29.Ka1 Kb7
30.Qe3 Qd7 31.Rb1 Ka8 32.bxc4 dxc4 33.Rhh1 Qc6 34.d5 exd5 35.Nd4 Qxc5 36.Rxb5 Qc8
37.Qf3 Nxe5 38.Qxd5+ Ka7 39.Qxe5 Bb6 40.Rxb6  1-0

[Event "Masters"]
[Site "Hastings ENG"]
[Date "2006.01.02"]
[Round "6"]
[White "Kenyon,S"]
[Black "Strand,H"]
[Result "0-1"]
[WhiteElo "1713"]
[BlackElo "1986"]

1.Nc3 c5 2.e4 Nc6 3.Bb5 Nd4 4.Bc4 g6 5.Nf3 Bg7 6.Nxd4 cxd4 7.Ne2 e6 8.c3 dxc3
9.bxc3 Ne7 10.d4 d5 11.Bb5+ Bd7 12.Bxd7+ Qxd7 13.f3 O-O 14.a4 e5 15.Ba3 Rfe8
16.O-O Nc6 17.exd5 Qxd5 18.c4 Qxc4 19.d5 Nd4 20.Nxd4 exd4 21.d6 d3 22.Rc1 Qd4+
23.Kh1 Be5 24.Bc5 Qd5 25.f4 Bxd6 26.Bxd6 Qxd6 27.Rc3 Rad8 28.f5 Qd4 29.fxg6 hxg6
30.Qb3 Re7 31.Rc4 Qe5 32.Rg4 Qe6 33.Qd1 d2 34.Qb1 Qxg4  0-1

[Event "Open"]
[Site "Verona ITA"]
[Date "2006.01.02"]
[Round "1"]
[White "Brunello,S"]
[Black "Vianello,E"]
[Result "1-0"]
[WhiteElo "2334"]
[BlackElo "2086"]

1.e4 c5 2.Nf3 Nc6 3.Nc3 e5 4.Bc4 d6 5.d3 Be7 6.Nd2 Nf6 7.Nf1 O-O 8.Ne3 a6
9.a4 Nd4 10.Ncd5 Nxd5 11.Nxd5 Bg5 12.c3 Ne6 13.O-O Bxc1 14.Qxc1 Bd7 15.a5 Bc6
16.Nb6 Rb8 17.Qe3 Re8 18.Rad1 Qf6 19.g3 Rbd8 20.Nd5 Bxd5 21.Bxd5 Rd7 22.f4 exf4
23.gxf4 Nd8 24.d4 cxd4 25.Qxd4 Qh4 26.Qf2 Qf6 27.Qf3 Qe7 28.Rd3 Ne6 29.b4 Rc8
30.Qg4 Qf6 31.e5 Qg6 32.Qxg6 hxg6 33.c4 Kf8 34.c5 Nxf4 35.Rxf4 dxc5 36.e6 Re7
37.Rc3  1-0

[Event "10th Open"]
[Site "Bad Zwesten GER"]
[Date "2006.01.03"]
[Round "3"]
[White "Armbrust,F"]
[Black "Rafiee,K"]
[Result "1-0"]
[WhiteElo "2280"]
[BlackElo "2014"]

1.e4 c5 2.Nc3 Nc6 3.Bb5 Nd4 4.Bc4 e6 5.Nf3 g6 6.O-O Bg7 7.Nxd4 cxd4 8.Nb5 Qb6
9.c3 Ne7 10.Nxd4 Bxd4 11.cxd4 Qxd4 12.d3 O-O 13.Qe2 b6 14.Be3 Qg7 15.Bb3 Bb7
16.Qd2 Rfc8 17.Bg5 f6 18.Bh6 Qh8 19.f4 f5 20.e5 Kf7 21.Bg5 Rc7 22.Bxe7 Kxe7
23.d4 Bd5 24.Qb4+ Kf7 25.Bxd5 exd5 26.Qd6 Rac8 27.Qxd5+ Ke7 28.Qd6+ Kf7 29.d5 Qf8
30.e6+ dxe6 31.Qxe6+ Kg7 32.d6 Rc6 33.Rad1 Rd8 34.Qe5+ Kh6 35.Rf3 g5 36.fxg5+ Kg6
37.Qe6+ Kg7 38.Rxf5 Rcxd6 39.Rxf8 Rxd1+ 40.Rf1  1-0

[Event "12th Open A"]
[Site "Bosnjaci CRO"]
[Date "2006.01.03"]
[Round "1"]
[White "Zivkovic,Vj"]
[Black "Budimir,Bor"]
[Result "1-0"]
[WhiteElo "2414"]
[BlackElo "2288"]

1.e4 c5 2.Nf3 Nc6 3.Nc3 d6 4.d4 cxd4 5.Nxd4 Nf6 6.f3 Nxd4 7.Qxd4 g6 8.Bg5 Bg7
9.Qd2 O-O 10.Bc4 Qa5 11.O-O-O Qc5 12.Bb3 Be6 13.Kb1 b5 14.h4 b4 15.Ne2 Qe5
16.Nd4 Bxb3 17.cxb3 Rac8 18.Bf4 Nxe4 19.Qe3 Qc5 20.Qxe4 e5 21.Rc1 Qxd4 22.Qxd4 exd4
23.Bxd6 Rfe8 24.Rxc8 Rxc8 25.Bxb4 f5 26.Rc1 Re8 27.Re1 Rc8 28.h5 gxh5 29.Bd2 Kf7
30.Rc1 Rxc1+ 31.Kxc1 Ke6 32.Kc2 Kd5 33.Kd3 Bf8 34.b4 a6 35.Be1 Bd6 36.Bf2 Bxb4
37.Bxd4 Bd6 38.a3 a5 39.a4 Bb4 40.Bc3 Kc5 41.b3 Bxc3 42.Kxc3 f4 43.b4+ axb4+
44.Kb3 h6 45.a5 Kb5 46.a6 Kxa6 47.Kxb4 Kb6 48.Kc4 Kc6 49.Kd4 Kd6 50.Ke4 Ke6
51.Kxf4 Kf6 52.Ke4 Ke6 53.f4 Kf6 54.g3 Ke6 55.f5+ Kf6 56.Kf4 Kf7 57.Ke5 Ke7
58.f6+ Ke8 59.Kf4 Kf8 60.Ke4 Kg8 61.Ke5 Kf8 62.Ke6 Ke8 63.f7+  1-0

[Event "Open"]
[Site "Verona ITA"]
[Date "2006.01.03"]
[Round "2"]
[White "Scharrer,P"]
[Black "Frigieri,F"]
[Result "1-0"]
[WhiteElo "2210"]
[BlackElo "2060"]

1.e4 c5 2.Nc3 Nc6 3.Nge2 e6 4.g3 g6 5.d4 cxd4 6.Nxd4 Bg7 7.Ndb5 Nge7 8.Nd6+ Kf8
9.Bg2 Nd4 10.Be3 Nec6 11.O-O Qe7 12.Ncb5 Nxb5 13.Nxb5 b6 14.f4 Ba6 15.a4 Bxb2
16.Rb1 Bg7 17.f5 Kg8 18.f6 Bxf6 19.Rxf6 Qxf6 20.Nc7 Bb7 21.Nxa8 Bxa8 22.Qxd7 Kg7
23.Rf1 Rd8 24.Qc7 Qe7 25.Qf4 f6 26.Qh4 g5 27.Qh5 Ne5 28.c3 Ng6 29.Qe2 Qd7
30.e5 Nxe5 31.Bxa8 Rxa8 32.Bxg5 Ng6 33.Bxf6+ Kg8 34.h4 Qc7 35.Qg4 Qc5+ 36.Bd4 Qe7
37.h5 e5 38.Be3 Rf8 39.hxg6 Rxf1+ 40.Kxf1 Qf6+ 41.Kg1 hxg6 42.Qc8+ Kf7 43.Qd7+ Qe7
44.Qxe7+ Kxe7 45.Kf2 Kd6 46.c4 e4 47.Bd4 Ke6 48.g4  1-0

[Event "8th Hilton Schachfestival"]
[Site "Basel SUI"]
[Date "2006.01.04"]
[Round "4"]
[White "Pfau,Mi"]
[Black "Bhend,E"]
[Result "0-1"]
[WhiteElo "1921"]
[BlackElo "2271"]

1.e4 c5 2.Nc3 Nc6 3.Nf3 Nf6 4.h3 d6 5.Bb5 Bd7 6.a4 e6 7.O-O Be7 8.Re1 O-O
9.d4 cxd4 10.Nxd4 Qc7 11.Nf3 a6 12.Bf1 Rfd8 13.Bf4 Be8 14.Nd2 Ne5 15.Qe2 Nfd7
16.Be3 Bf6 17.Red1 Ng6 18.Ndb1 Nc5 19.Bd4 Bxd4 20.Rxd4 Nf4 21.Qe3 e5 22.Rd2 Bc6
23.b4 Nd7 24.Na3 Nf6 25.b5 Be8 26.Rad1 Ne6 27.Nd5 Nxd5 28.Rxd5 Nc5 29.Nc4 Nxa4
30.b6 Qe7 31.Nxd6 Bc6 32.Nf5 Qf8 33.Rd6 Rxd6 34.Rxd6 Rd8 35.Qd3 Rxd6 36.Nxd6 Nxb6
37.c4 Na4 38.f3 Qd8 39.Qa3 Qb6+ 40.Kh2 Qc5 41.Qd3 g6 42.Nc8 Kg7 43.Qd8 Qf8
44.Qc7 Qe8 45.Nd6 Qd7 46.Qxd7 Bxd7 47.Nxb7 Bc8 48.Na5 Nc5 49.Kg3 Bd7 50.Kf2 Kf6
51.Ke3 Ke7 52.Kd2 Kd6 53.Kc3 Ba4 54.Kb4 Bd1 55.f4 f6 56.fxe5+ fxe5 57.g4 Bf3
58.Nb3 Nxb3 59.Kxb3 Kc5 60.Bd3 Kd4 61.Bf1 Bxe4 62.Kb4 Bb7 63.g5 e4 64.c5 e3
65.Be2 Be4 66.Bg4 Bc6 67.Be2 a5+ 68.Kxa5 Kxc5 69.h4 Bd5  0-1

[Event "8th Hilton Schachfestival"]
[Site "Basel SUI"]
[Date "2006.01.04"]
[Round "4"]
[White "Milosevic,Go"]
[Black "Golod,V"]
[Result "1/2-1/2"]
[WhiteElo "2403"]
[BlackElo "2577"]

1.e4 c5 2.Nf3 Nc6 3.Nc3 Nf6 4.Bb5 Qc7 5.a4 e6 6.O-O Nd4 7.d3 Be7 8.Nxd4 cxd4
9.Ne2 a6 10.Bc4 Nxe4 11.dxe4 Qxc4 12.Nxd4 b6 13.c3 O-O 14.Re1 Bb7 15.Qg4 f6
16.Qg3 Rac8 17.Bf4 Rf7 18.Bd6 Bxd6 19.Qxd6 Qc7 20.Qxc7 Rxc7 21.a5 b5 22.Nc2 d6  1/2-1/2

[Event "Open"]
[Site "Verona ITA"]
[Date "2006.01.04"]
[Round "4"]
[White "Gourlay,I"]
[Black "Kafka,G"]
[Result "1/2-1/2"]
[WhiteElo "2363"]
[BlackElo "2135"]

1.e4 c5 2.Nc3 Nc6 3.Bb5 Nd4 4.Bc4 g6 5.Nf3 d6 6.Nxd4 cxd4 7.Ne2 Bg7 8.O-O Nf6
9.d3 Nd7 10.a4 O-O 11.f4 Qc7 12.a5 Nf6 13.Bb3 Qc5 14.h3 Nxe4 15.dxe4 d3+
16.Kh1 dxe2 17.Qxe2 Bd7 18.Rd1 Bb5 19.Qf3 Bc4 20.Be3 Qb5 21.Bxc4 Qxc4 22.c3 Qb5
23.Qf2 a6 24.Bd4 Rac8 25.Bxg7 Kxg7 26.Rd5 Rc5 27.Rxc5 dxc5 28.Qd2 Rc8 29.e5  1/2-1/2

[Event "8th Hilton Schachfestival"]
[Site "Basel SUI"]
[Date "2006.01.07"]
[Round "7"]
[White "Haener,P"]
[Black "Nuri,Kam"]
[Result "1-0"]
[WhiteElo "2215"]
[BlackElo "2116"]

1.e4 c5 2.Nf3 Nc6 3.Nc3 Nf6 4.Bc4 d6 5.d4 cxd4 6.Nxd4 e5 7.Nde2 Be7 8.O-O O-O
9.Bg5 a6 10.Bxf6 Bxf6 11.a4 Be6 12.Nd5 Bg5 13.Ra3 Kh8 14.Ng3 Rc8 15.Ba2 Nd4
16.c3 Nc6 17.Qd3 Ne7 18.Rd1 g6 19.Nf1 Rc6 20.Nb4 Rc7 21.Bxe6 fxe6 22.Qxd6 Nc6
23.Nxc6 Rxc6 24.Qxe5+ Qf6 25.Qxf6+ Rxf6  1-0

[Event "12th Open A"]
[Site "Bosnjaci CRO"]
[Date "2006.01.07"]
[Round "7"]
[White "Jovanovic,Zo CRO"]
[Black "Ljubicic,F"]
[Result "1-0"]
[WhiteElo "2520"]
[BlackElo "2400"]

1.e4 c5 2.Nc3 Nc6 3.Nf3 e6 4.Bb5 Nge7 5.O-O a6 6.Bxc6 Nxc6 7.d4 cxd4 8.Nxd4 Qc7
9.Re1 d6 10.Bg5 f6 11.Be3 Qf7 12.f4 Be7 13.f5 Nxd4 14.Bxd4 O-O 15.Qf3 Bd7
16.fxe6 Qxe6 17.Nd5 Rac8 18.Nb6 Rcd8 19.Nxd7 Rxd7 20.Qf5 Qxf5 21.exf5 Kf7
22.Re3 Rc8 23.c3 d5 24.Rd1 Bd6 25.Red3 Re8 26.Kf1 Re4 27.Bf2 Bxh2 28.g3 Re5
29.Rf3 h5 30.Kg2 Bxg3 31.Bxg3 Re2+ 32.Rf2 Rxf2+ 33.Bxf2 g6 34.fxg6+ Kxg6
35.c4 Kf5 36.Rxd5+ Rxd5 37.cxd5 Ke5 38.Bd4+ Kxd5 39.Bxf6 a5 40.Bd8 a4 41.a3 Kc4
42.Bf6 b5 43.Bc3 Kb3 44.Kh3  1-0

[Event "Xstrata ch-AUS 2006"]
[Site "Brisbane AUS"]
[Date "2006.01.07"]
[Round "9"]
[White "Johansen,D"]
[Black "Zhao Zong Yuan"]
[Result "1/2-1/2"]
[WhiteElo "2462"]
[BlackElo "2461"]

1.e4 c5 2.Nc3 Nc6 3.Bb5 Nd4 4.Bc4 e6 5.Nf3 Nf6 6.O-O a6 7.e5 d5 8.exf6 dxc4
9.fxg7 Bxg7 10.d3 b5 11.Nxd4 cxd4 12.Qg4 O-O 13.Bh6 Qf6 14.Bxg7 Qxg7 15.Qxg7+ Kxg7
16.Ne2 Rd8 17.f4 Bb7 18.Rfd1 Rac8 19.dxc4 Rxc4 20.Rac1 Be4 21.b3 Rxc2 22.Rxc2 Bxc2
23.Rxd4 Rc8 24.b4  1/2-1/2